Paroles Team BS - Statistiques

Statistiques générales
  • Ce quiz a été pris 88 fois
  • Le résultat moyen est 346 sur 625
Statistiques - réponses
Réponse % Correct
Il
89%
le
89%
Sur
88%
sur
88%
est
85%
j'ai
85%
J'ai
85%
qui
85%
à
83%
a
83%
d'adversaires
83%
que
83%
trop
83%
ma
81%
Ma
81%
pour
81%
vrai
81%
faire
79%
en
78%
taire
78%
côté
76%
Ils
76%
ils
76%
la
76%
La
76%
"La
76%
ça
75%
compter
75%
de
75%
ennemis
75%
refoulés
75%
refoulés...
75%
tout
75%
quelques
74%
on
72%
On
72%
nous
69%
me
68%
sait
68%
feraient
65%
Frère
64%
frère
64%
pas
64%
pas,
64%
ces
63%
comme
61%
les
60%
mal
60%
prière
60%
sans
60%
Quand
58%
quoi
58%
va
57%
C'est
56%
c'est
56%
frères
56%
Mais
56%
mais
56%
ramdam
56%
sert
56%
sert?
56%
moi
54%
Moi
54%
terre,
54%
terre
54%
vrais,
54%
vrais
54%
Depuis
51%
ferme
51%
je
51%
Je
51%
loin
51%
par
51%
quitté
51%
atteignent
50%
fier
50%
plaire,
50%
plaire
50%
yeah,
49%
yeah
49%
Yeah,
49%
J'suis
47%
j'suis
47%
qu'j'ai
47%
des
46%
rendu
46%
mon
44%
Tous
44%
tous
44%
derrière
43%
prêt
43%
Tester
43%
leur
42%
eh
40%
l'daron
40%
et
39%
parler,
39%
un
39%
Laisse-les
38%
nos
38%
du
36%
mes
35%
au
33%
côtés
33%
musique,
33%
musique
33%
ou
33%
Tu
33%
une
33%
suis
32%
bien
31%
misé
31%
peu
29%
sais
29%
sont
29%
#TeamBS
29%
si
28%
sous
25%
9-2,
24%
entouré
24%
ouais
24%
ouais,
24%
Ouais,
24%
salon
24%
car
22%
gouré
22%
j'me
22%
Nanterre
22%
Représentant
22%
vie
22%
Alors
21%
alors
21%
aujourd'hui
21%
fait
21%
p't-être
21%
30
19%
35h,
19%
ballons
19%
études,
19%
minutes
19%
passion
19%
qu'j'suis
19%
Tant
19%
Toujours
19%
toujours
19%
vis
19%
craie,
18%
d'la
18%
famille,
18%
flammes
18%
j'en
18%
juste
18%
Louboutin,
18%
paroles
18%
scellés,
18%
selle
18%
télé
18%
biens
17%
carnet,
17%
chante
17%
C'que
17%
crever
17%
crues
17%
envie,
17%
esquivé
17%
fêlés
17%
foot,
17%
France
17%
j'avais
17%
j'l'ai
17%
J'regrette
17%
l'Enfer
17%
passe
17%
vélo
17%
alimenter
15%
anciens
15%
Bagneux,
15%
dire
15%
honorer
15%
J'passais
15%
j'vais
15%
l'tour
15%
rageux
15%
rital
15%
stups'
15%
vécu
15%
vérité
15%
airport,
14%
Allez
14%
boucherie
14%
chaud,
14%
défaite
14%
détestent
14%
Faut
14%
j'joue
14%
l'incendie
14%
Normal
14%
parce
14%
Qu'on
14%
rappais
14%
Renoi
14%
t'as
14%
exemples
13%
garanti
13%
halal
13%
m'croises
13%
plus
13%
saignante
13%
sonne-per
13%
victoire
13%
banlieusards
11%
d'mes
11%
l'sens
11%
potes
11%
savourer
11%
triste
11%
cerveaux
10%
charbon,
10%
crament
10%
larmes
10%
mauvais
10%
mettre
10%
perdre
10%
plaisir
10%
qu'tu
10%
trouvé
10%
voitures
10%
brûle
8%
bus
8%
cache
8%
d'avances
8%
d'temps
8%
histoire
8%
rond
8%
taxiphone
8%
blessures,
7%
Nombre"
7%
official
7%
Partir
7%
circuit
6%
Entre
6%
Force
6%
J'tourne
6%
lignes
6%
recousu
6%
sample
4%
s'arrose
4%
Aucun quiz correspondant
Distribution des résultats
% des personnes avec chaque résultat
Percentile par nombre de réponses
Votre historique - résultats
Vous n’avez pas pris ce quiz